000 00353nam a22001337a 4500
999 _c11080
_d11080
003 OSt
008 220208b ||||| |||| 00| 0 eng d
100 _aHANDA,S.S.
245 _aSupplement to cultivation and utilization of medicinal Plants
260 _aNew Delhi
_bCSIR
_c1996
300 _apg849
650 _aPharmacy General Books
942 _2ddc
_cREF